[Event "Marianske Lazne op"]
[Site "Marianske Lazne"]
[Date "2008.01.20"]
[Round "2"]
[White "Griec, Milan"]
[Black "Simon, Petr"]
[Result "0-1"]
[WhiteElo "1467"]
[BlackElo "1895"]
[PlyCount "52"]
[EventDate "2008.01.19"]
[EventType "swiss"]
[EventRounds "9"]
[EventCountry "CZE"]
[SourceTitle "CBM 122 Extra"]
[Source "ChessBase"]
[SourceDate "2008.03.04"]
[SourceVersion "1"]
[SourceVersionDate "2008.03.04"]
[SourceQuality "1"]

1. c4 Nf6 2. Nc3 d6 3. g3 g6 4. Bg2 Bg7 5. d4 0-0 6. Nf3 Nc6 7. d5 Ne5 8. Nxe5 dxe5 9. e4 Bd7 10. 0-0 c6 11. d6 exd6 12. Qxd6 Re8 13. Bg5 Re6 14. Qd2 Qc7 15. Bxf6 Bxf6 16. c5 Rd8 17. Qe3 Bc8 18. Rfd1 Ree8 19. b4 Rd4 20. a3 Red8 21. Bf1 Be6 22. Qf3 Bg7 23. Rac1 Qd7 24. Rxd4 exd4 25. Rd1 Bg4 26. Qd3 dxc3 0-1